000 01102cab a2200265 4500
001 E2197
008 090401t1994 xxu||||| |||| 00| 0 eng d
035 _a(Sirsi) u38049
041 _aeng
245 _aMaciver v Broadland Properties Estates Limited
260 _c1994
350 _a0
490 _aSLC
_v1994 R 18-25(8)
520 _aFull Court. Application Ross RN452 Order of 6 May 1994. Agricultural Holding - rent properly payable - appeal against rental award of statutory arbiter - appeal against arbiter`s award of expenses - failure by appellant to show cause why the award should be altered - Agricultural Holdings (Scotland) Act 1991 s.61(2).
650 _aAGRICULTURAL HOLDINGS (SCOTLAND) ACT 1991
650 _aRENT PROPERLY PAYABLE
650 _aRENTAL AWARD
650 _aSCOTLAND
650 _aSCOTTISH LAND COURT
650 _aSTATUTORY ARBITER
690 _aMANAGEMENT-DISPUTE AVOIDANCE, MANAGEMENT AND RESOLUTION-DISPUTE MANAGEMENT AND RESOLUTION-ARBITRATION
690 _aLANDLORD AND TENANT-CASE LAW-AGRICULTURAL TENANCIES
942 _n0
948 _c04/03/1997
999 _c24452
_d24452